| 000 | 00368nam a2200145Ia 4500 | ||
|---|---|---|---|
| 008 | 150201s2005 xx 000 0 und d | ||
| 082 |
_a612 _bT2005T |
||
| 100 | _aTANDAN,H.C. | ||
| 245 | _aTEXTBOOK OF PHYSIOLOGY FOR DENTAL STUDENTS | ||
| 250 | _a5TH | ||
| 260 |
_bJAYPEE MEDICAL PUBLISHER _aDELHI _c2005 |
||
| 300 | _a1-560 | ||
| 650 | _aPHYSIOLOGY | ||
| 942 |
_2ddc _cBK |
||
| 999 |
_c3323 _d3323 |
||